[Event "Aragon-chT Honor Descenso"]
[Site "Aragon"]
[Date "2017.04.08"]
[Round "10.18"]
[White "Gutierrez Mingueza, Ruben"]
[Black "Sancho Cortes, Miguel Angel"]
[Result "1-0"]
[WhiteElo "2068"]
[BlackElo "2063"]
[PlyCount "89"]
[EventDate "2017.02.25"]
[EventType "team-tourn"]
[EventRounds "10"]
[EventCountry "ESP"]
[SourceTitle "EXT 2018"]
[Source "ChessBase"]
[SourceDate "2017.10.13"]
[SourceVersion "1"]
[SourceVersionDate "2017.10.13"]
[SourceQuality "1"]
[WhiteTeam "San Jose"]
[BlackTeam "Marcos Frechin"]
[WhiteTeamCountry "ESP"]
[BlackTeamCountry "ESP"]

1. d4 f5 2. c4 Nf6 3. g3 g6 4. Bg2 Bg7 5. Nf3 d6 6. 0-0 0-0 7. Nc3 c6 8. b3 Qa5 9. Bb2 e5 10. e3 e4 11. Nd2 Be6 12. a3 Nbd7 13. b4 Qd8 14. a4 a6 15. b5 c5 16. Ne2 g5 17. f3 exf3 18. Bxf3 Qc7 19. Qb3 a5 20. Bg2 Rae8 21. d5 Bf7 22. Rxf5 Bg6 23. Rxg5 Bh6 24. Rxg6+ hxg6 25. Nf4 Bxf4 26. exf4 Rf7 27. Bh3 Nf8 28. Qc3 Qe7 29. Nf1 Rh7 30. Be6+ Nxe6 31. dxe6 Ne4 32. Qe3 Qxe6 33. Rc1 b6 34. Qd3 Qf5 35. Ne3 Qh3 36. Rc2 Qe6 37. Nd5 Kf8 38. Re2 Qf5 39. Nxb6 Nxg3 40. Qxd6+ Rhe7 41. hxg3 Qb1+ 42. Kg2 Kf7 43. Be5 Rg8 44. Nd5 Re6 45. Qd7+ 1-0

[Event "Aragon-chT Honor GrA"]
[Site "Aragon"]
[Date "2017.03.04"]
[Round "6.14"]
[White "Sancho Cortes, Miguel Angel"]
[Black "Laliena Solanes, Luis M"]
[Result "1/2-1/2"]
[WhiteElo "2063"]
[BlackElo "2179"]
[PlyCount "143"]
[EventDate "2017.01.28"]
[EventType "team-tourn"]
[EventRounds "7"]
[EventCountry "ESP"]
[SourceTitle "EXT 2018"]
[Source "ChessBase"]
[SourceDate "2017.10.13"]
[SourceVersion "1"]
[SourceVersionDate "2017.10.13"]
[SourceQuality "1"]
[WhiteTeam "Marcos Frechin"]
[BlackTeam "Aragon ONCE"]
[WhiteTeamCountry "ESP"]
[BlackTeamCountry "ESP"]

1. e4 c6 2. d4 d5 3. Nc3 dxe4 4. Nxe4 Bf5 5. Nc5 e5 6. Nxb7 Qb6 7. Nc5 exd4 8. Nb3 Bb4+ 9. Bd2 Ne7 10. Bd3 0-0 11. Nf3 c5 12. 0-0 Bxd2 13. Nfxd2 Nd7 14. Re1 Bxd3 15. cxd3 Nd5 16. Qf3 Nb4 17. Re7 Rad8 18. Qf5 Qg6 19. Qxg6 fxg6 20. Rxd7 Rxd7 21. Nxc5 Re7 22. a3 Nd5 23. Nde4 a5 24. Rc1 Nf4 25. Rd1 Rb8 26. b3 Ne6 27. g3 Nxc5 28. Nxc5 Rb5 29. b4 axb4 30. axb4 Rxb4 31. Ra1 Rc7 32. Ne6 Rc3 33. Ra8+ Kf7 34. Ng5+ Ke7 35. Ne4 Rxd3 36. Ra7+ Kd8 37. Ra8+ Kc7 38. Nc5 Rd1+ 39. Kg2 Rb5 40. Ne6+ Kd6 41. Nf4 g5 42. Ne2 Rb3 43. Rd8+ Kc5 44. Nc1 Rxc1 45. Rc8+ Kb4 46. Rxc1 d3 47. Kf1 Rb2 48. Ra1 Kc3 49. Ke1 Kc2 50. h3 d2+ 51. Ke2 Rb7 52. Ra2+ Kc1 53. Ra1+ Kc2 54. Ra2+ Kc1 55. Ra1+ Kb2 56. Ra8 Rd7 57. Rb8+ Kc3 58. Rc8+ Kb4 59. Rb8+ Kc4 60. Rc8+ Kb5 61. Rb8+ Kc6 62. Rb1 Kc5 63. Rd1 Kc4 64. Rxd2 Rxd2+ 65. Kxd2 Kd4 66. f3 h5 67. Ke2 h4 68. g4 Kd5 69. Kd3 Ke5 70. Ke3 g6 71. Ke2 Kd4 72. Kd2 1/2-1/2

[Event "Aragon-chT Preferente B"]
[Site "Aragon"]
[Date "2013.02.09"]
[Round "3.54"]
[White "Sancho Cortes, Miguel Angel"]
[Black "Gimeno Diaz, Fernando"]
[Result "0-1"]
[WhiteElo "2083"]
[BlackElo "1891"]
[PlyCount "84"]
[EventDate "2013.01.26"]
[EventType "team"]
[EventRounds "9"]
[EventCountry "ESP"]
[SourceTitle "EXT 2014"]
[Source "ChessBase"]
[SourceDate "2013.11.20"]
[SourceVersion "1"]
[SourceVersionDate "2013.11.20"]
[SourceQuality "1"]
[WhiteTeam "Marcos Frechin"]
[BlackTeam "Aragon ONCE II"]
[WhiteTeamCountry "ESP"]
[BlackTeamCountry "ESP"]

1. e4 c6 2. d4 d5 3. Nd2 dxe4 4. Nxe4 Bf5 5. Ng3 Bg6 6. Bc4 e6 7. Nf3 Bd6 8. 0-0 Qc7 9. Qe2 Nd7 10. d5 cxd5 11. Bxd5 Qxc2 12. Qxc2 Bxc2 13. Bxb7 Rb8 14. Bc6 Ngf6 15. Nd4 Bg6 16. Nb5 Bc5 17. Bf4 Rb6 18. Nxa7 Rxb2 19. Be5 Rc2 20. Bxf6 gxf6 21. Rad1 Bxa7 22. Bxd7+ Ke7 23. Bb5 Rc7 24. a4 Bb6 25. Rd2 Rd8 26. Rxd8 Kxd8 27. Rd1+ Ke7 28. Nf1 Bc2 29. Rd2 Bb3 30. Rb2 Bd5 31. h3 Rc3 32. Re2 f5 33. Kh2 f4 34. Nd2 Rc2 35. g3 fxg3+ 36. Kxg3 Bc7+ 37. Kg4 Rc1 38. f3 Rg1+ 39. Kh4 Kf8 40. Ne4 Bd8+ 41. Kh5 f5 42. Nf2 Bxf3+ 0-1

[Event "Aragon-chT Preferente B"]
[Site "Aragon"]
[Date "2012.03.17"]
[Round "7.68"]
[White "Sancho Cortes, Miguel Angel"]
[Black "Nasarre Abizanda, Tomas"]
[Result "1-0"]
[WhiteElo "2094"]
[BlackElo "1759"]
[PlyCount "57"]
[EventDate "2012.02.04"]
[EventType "team"]
[EventRounds "9"]
[EventCountry "ESP"]
[SourceTitle "EXT 2014"]
[Source "ChessBase"]
[SourceDate "2013.11.20"]
[SourceVersion "1"]
[SourceVersionDate "2013.11.20"]
[SourceQuality "1"]
[WhiteTeam "Marcos Frechin"]
[BlackTeam "Aragon ONCE II"]
[WhiteTeamCountry "ESP"]
[BlackTeamCountry "ESP"]

1. e4 e5 2. Nf3 Nf6 3. Nxe5 Qe7 4. Nf3 Nxe4 5. Be2 d5 6. 0-0 Be6 7. d3 Nd6 8. Nd4 Nd7 9. Re1 0-0-0 10. Bf3 Qf6 11. Nxe6 fxe6 12. Nc3 Ne5 13. Bg4 Nxg4 14. Qxg4 Nf5 15. Bf4 Bc5 16. Be5 Qf7 17. d4 Bb4 18. Qf3 Rhf8 19. Re2 Qg6 20. Qh3 c5 21. a3 Ba5 22. b4 cxb4 23. axb4 Bb6 24. Na4 Kd7 25. Nxb6+ axb6 26. Ra7 Ra8 27. Rxb7+ Kc6 28. Rc7+ Kb5 29. Qd3+ 1-0